| 000 | 01124cam a22003134a 4500 | ||
|---|---|---|---|
| 001 | 13118009 | ||
| 003 | OSt | ||
| 005 | 20180424194635.0 | ||
| 008 | 030310s2004 maua b 001 0 eng | ||
| 010 | _a 2003046322 | ||
| 020 | _a9780071107662 | ||
| 040 |
_aDLC _cDLC _dDLC |
||
| 042 | _apcc | ||
| 050 | 0 | 0 |
_aQA76.9.S88 _bW48 2004 |
| 082 | 0 | 0 |
_a003 _221 _bBEN 2007 |
| 100 | 1 |
_aBentley, Lonnie D.; Whitten, Jeffrey L. _912421 |
|
| 245 | 1 | 0 | _aSystems Analysis and Design Methods |
| 250 | _a7th ed. | ||
| 260 |
_aBoston : _bMcGraw-Hill Irwin, _c2007. |
||
| 300 |
_axv, 747p. : _bcol.ill ; _c29 cm. |
||
| 504 | _aIncludes bibliographical references and index. | ||
| 650 | 0 |
_aSystem design. _9683 |
|
| 650 | 0 |
_aSystem analysis. _94226 |
|
| 856 | 4 | 1 |
_3Table of contents _uhttp://www.loc.gov/catdir/toc/mh031/2003046322.html |
| 856 | 4 | 2 |
_3Contributor biographical information _uhttp://www.loc.gov/catdir/enhancements/fy0668/2003046322-b.html |
| 856 | 4 | 2 |
_3Publisher description _uhttp://www.loc.gov/catdir/enhancements/fy0668/2003046322-d.html |
| 906 |
_a7 _bcbc _corignew _d1 _eocip _f20 _gy-gencatlg |
||
| 942 |
_2ddc _cO_SHELF |
||
| 999 |
_c5987 _d5987 |
||